La guerra revolucionaria / (Record no. 97179)

MARC details
000 -LEADER
campo de control de longitud fija 00529nam a2200193 i 4500
001 - NÚMERO DE CONTROL
campo de control 97179
003 - IDENTIFICADOR DE NÚMERO DE CONTROL
campo de control ES-MaACL
005 - FECHA Y HORA DE LA ÚLTIMA TRANSACCIÓN
campo de control 20260521123126.0
007 - CAMPO FIJO DE DESCRIPCIÓN FÍSICA--INFORMACIÓN GENERAL
campo de control de longitud fija t|
008 - DATOS DE LONGITUD FIJA--INFORMACIÓN GENERAL
campo de control de longitud fija 050707s1974 sp ||||1| spa d
100 1# - ENTRADA PRINCIPAL--NOMBRE DE PERSONA
Nombre de persona Mao, Zedong,
Fechas asociadas al nombre 1893-1976
9 (RLIN) 170492
245 13 - MENCIÓN DEL TÍTULO
Título La guerra revolucionaria /
Mención de responsabilidad, etc. Mao Tse-Tung.
260 ## - PUBLICACIÓN, DISTRIBUCIÓN, ETC.
Lugar de publicación, distribución, etc. Barcelona :
Nombre del editor, distribuidor, etc. Grijalbo,
Fecha de publicación, distribución, etc. 1974.
300 ## - DESCRIPCIÓN FÍSICA
Extensión 158 p. ;
Dimensiones 18 cm.
490 1# - MENCIÓN DE SERIE
Mención de serie Coleccion 70 ;
Designación de volumen o secuencia 112
830 0# - PUNTO DE ACCESO ADICIONAL DE SERIE-TÍTULO UNIFORME
Título uniforme Coleccion 70 ;
Designación de volumen o secuencia 112
9 (RLIN) 182684
852 ## - LOCALIZACIÓN
Ubicación ES-MaACL
Número de control de estantería E-6762
Sublocalización o colección R.90928
Holdings
Estatus retirado Estado de pérdida Estado de daño No para préstamo Biblioteca de origen Biblioteca actual Ubicación en estantería Fecha de adquisición Fuente de adquisición Total de préstamos Signatura topográfica completa Código de barras Visto por última vez Precio de reemplazo Tipo de ítem Koha
        Biblioteca del Ateneo de Madrid Biblioteca del Ateneo de Madrid Depósito 2 17/01/2008     E-6762 1101453 23/02/2023 23/02/2023 Libro impreso